| 000 | 01117nam a22002657a 4500 | ||
|---|---|---|---|
| 003 | EG-ScBUE | ||
| 005 | 20221009103413.0 | ||
| 008 | 100715s1966 ua a f b 000 0 ara d | ||
| 040 |
_aEG-ScBUE _bara _erda _cEG-ScBUE _dEG-ScBUE |
||
| 043 | _af-ua--- | ||
| 082 | 0 | 4 |
_222 _a720.962 _bم ا هـ |
| 100 | 1 |
_916333 _aماهر، سعاد، _eمؤلف. |
|
| 245 | 1 | 0 |
_aمحافظات الجمهورية العربية المتحدة وآثارها الباقية في العصر الإسلامي / _cتأليف الدكتورة سعاد ماهر. |
| 250 | _aالطبعة الرابعة. | ||
| 264 | 1 |
_aالقاهرة : _bالمجلس الأعلى للشئون الإسلامية، _c1966. |
|
| 300 |
_a249 صفحة : _bإيضاحيات ؛ _c24 سم. |
||
| 490 | 0 | _aلجنة الخبراء | |
| 504 | _aيشتمل على إرجاعات ببليوجرافية. | ||
| 541 |
_aألف باء ؛ _cشراء ؛ |
||
| 650 |
_915209 _aالعمارة الإسلامية _zمصر. _2BUEsh |
||
| 650 | 7 |
_916340 _aالعمارة العربية _zمصر. _2BUEsh |
|
| 653 | _bENGARC | ||
| 655 | _vReading book | ||
| 942 |
_2ddc _cBB |
||
| 999 |
_c14490 _d14490 |
||